| 000 | 00456nam a2200169Ia 4500 | ||
|---|---|---|---|
| 008 | 230917s9999||||xx |||||||||||||| ||und|| | ||
| 020 | _cRS1195 | ||
| 040 |
_e219395 _aMAIN |
||
| 041 | _aEnglish | ||
| 082 | _a361.32 B534P | ||
| 100 | _aBirkenmaier, Julie | ||
| 245 | 0 | _aPractice of generalist social work | |
| 260 |
_aNew York _bRoutledge _c2012 |
||
| 300 | _axxxvi, 459 p. | ||
| 500 | _a1657 05/11/2014 HBD15/6172 20/12/2014 Main Budget | ||
| 942 | _cBK | ||
| 999 |
_c12363 _d12363 |
||